Responses for show #7324 - Thursday, June 16, 2016

Hunter Appler game 7.

Contestants

Liz Haigney Lynch, a freelance writer and genealogist from Montclair, New Jersey

Jim Coder, a research associate from Bellefonte, Pennsylvania

Hunter Appler, an attorney originally from Mount Airy, North Carolina (whose 6-day cash winnings total $145,603)

Jeopardy! Round responses

IF YOU WATCH THE MOVIE BACKWARDS...
TIME FOR FRENCH
TOOL KIT
INDOORS
BOOK 'EM
DINO
    $200 20
Jaws

Liz
    $200 1
midnight

Hunter
    $200 3
a fork (or a pitchfork)

Liz
    $200 22
decibels

Hunter
    $200 11
The Wizard of Oz

Jim
    $200 8
birds

Liz
    $400 21
Rocky

Jim
    $400 2
afternoon

Liz
    $400 4
a plunger

Jim
    $400 24
a rainforest

Hunter
    $400 9
Sherlock Holmes

Hunter
    $400 10
Triceratops

Liz
    $600 5
Field of Dreams

Jim
    $600 14
a month

Hunter
    $600 16
a corer

Liz
    $600 25
the Astrodome

Liz
    $600 28
San Francisco

Liz
    $1,400 12
(Alex: That's it. The [*] Raptors.)

Toronto

Jim
    $800 6
Rudy

Jim
    $800 15
(Hunter: What's a... decade?)

a century

HunterLiz
    $800 17
an ax

Hunter
    $800 26
Dubai

Hunter
    $800 29
Tidying Up

Triple Stumper
    $800 13
hollow

Hunter
    $1000 7
James Franco

Jim
    $1000 18
jour

Hunter
    $1000 23
ball-peen & claw

Jim
    $1000 27
the Mausoleum at Halicarnassus

Triple Stumper
    $1000 30
Dickens

Liz
    $1000 19
Tyrannosaurus rex

Liz

Scores at the first commercial break (after clue 15):

Hunter Jim Liz
$1,200 $4,400 $2,000

Scores at the end of the Jeopardy! Round:

Hunter Jim Liz
$4,400 $5,800 $6,000

Double Jeopardy! Round responses

THE WINE SELLER
AMERICAN HISTORY
HISPANIC SINGERS
OED "ME"
WHOSE WHAT?
THREE CHEERS FOR THE RED, WHITE
(Alex: You have to identify the country whose national flag contains only red and white.)
    $400 9
Susan Lucci

Liz
    $400 5
St. Patrick's Day

Hunter
    $400 13
Shakira

Jim
    $400 15
menial

Hunter
    $400 21
Washington, D.C.

Liz
    $400 1
Canada

Hunter
    $800 10
Bartles & Jaymes

Triple Stumper
    $800 4
Mississippi

Jim
    $800 14
Gloria Estefan

Hunter
    $800 16
meager

Hunter
    $800 22
Dick's Sporting Goods

Jim
    $800 2
Switzerland

Jim
    $1200 20
Thunderbird

Hunter
    $1200 3
"Happy Days Are Here Again"

Liz
    $1200 25
Enrique Iglesias

Jim
    $1200 17
a meat market

Hunter
    $1200 23
St. Elmo's Fire

Liz
    $2,000 6
(Alex: Oh, you ran through a lot of them in your brain, and you came up with the correct response. Yes. The red sun on a background of white.)

Japan

Hunter
    $3,500 11
Albany

Liz
    $1600 26
Selena

Jim
    $1600 18
(Jim: What is, uh, Mesopotamia?)

the Medes

HunterJim
    $1600 24
(Alex: Less than a minute to go now.)

Shays' Rebellion

Hunter
    $1600 7
Denmark

Hunter
    $2000 12
a panic

Liz
    $2000 27
Rubén Blades

Triple Stumper
    $2000 19
a means test

Liz
    $2000 28
(Hunter: What is, uh... S... Du côté de chez Swann? Uh, Swann's... Way?)
(Alex: No. Sorry. Too long.)
[The end-of-round signal sounds.]
(Alex: You stretched it out, Hunter. Sorry.)
[Reversed before Final Jeopardy! when the judges "checked the tape, and he did come up with the French title before time ran out." No money was deducted from Liz for her subsequent correct response.]

Swann's Way

HunterLiz
    $2000 8
Georgia

Hunter

Scores at the end of the Double Jeopardy! Round:

Hunter Jim Liz
$20,400 $9,800 $18,700

[wagering suggestions for these scores]

Final Jeopardy! Round responses

BOOK TITLES
JimWhat is The Third Man?
$6,399
LizWhat is All the King's Men?
$9,800
HunterWhat is is (Cheshire) Cats!
$0
All the King's Men

Final scores:

Hunter Jim Liz
$20,400 $3,401 $28,500
2nd place: $2,000 3rd place: $1,000 New champion: $28,500

Game dynamics:

Coryat scores:

Hunter Jim Liz
$19,600 $9,000 $16,800
22 R
(including 1 DD),
1 W
14 R
(including 1 DD),
1 W
19 R
(including 1 DD),
0 W

Combined Coryat: $45,400

The J! Archive is created by fans, for fans. The Jeopardy! game show and all elements thereof, including but not limited to copyright and trademark thereto, are the property of Jeopardy Productions, Inc. and are protected under law. This website is not affiliated with, sponsored by, or operated by Jeopardy Productions, Inc. Join the discussion at JBoard.tv.